iCarly-Trivia Quiz - Statistics

General Stats
  • This quiz has been taken 982 times
  • The average score is 9 of 30
Answer Stats
Hint: Answer: % Correct
Who plays Spencer? Jerry Trainor
74%
Who was Freddie's first real kiss with? Sam
72%
How many guys asked Sam or got asked by Sam to go to the dance with her on 'iSpeed Date'? 1
63%
How many girls asked Freddie to the dance in 'iSpeed Date'? 3
60%
How old was Carly when she last had an asthma attack? 7
60%
What is Gibby's catchphrase? GIBBY
59%
How many girls has Freddie kissed/got kissed by on iCarly? 4
56%
What is Gibby's younger brothers name? Guppy
49%
Who is the crazy person who trapped the iCarlys in their basement? Nora
48%
Who was Carly's best friend before Sam? Missy
45%
In 'iGoodbye' where does Carly go to live with her dad? Italy
44%
How many fires did Spencer set off altogether? 20
33%
Which apartment number does Carly and Spencer live in? 8-C
26%
What is Sam's mum's name? Pam
26%
Who is Chucks brother? Chip
23%
What school do they attend? Ridgeway
22%
Who runs detention? Mr Howard
19%
In the episode 'iParty With Victorious' who's house was the party held at? Kenan Thompson
18%
What is the name of their principal? Principal Franklin
18%
What dish did Nevel's mum make them when Nevel and Carly first met? Tapenade
11%
Carly says 'I'm gonna be a Yakimite or a Yakiminitian' to which Freddie responds 'or a...'? Yakimaniac
8%
In the episode 'iLost My Mind', what is the name of the character played by Jim Parsons? Caleb
7%
In 'iGot Detention' how did Carly get detention Slamming her locker
7%
Who is Gibby's date on 'iSpeed Date? Tasha
7%
Where was Lewbert's wart found in 'iHurt Lewbert'? On Carly's shoe
6%
Where does Carly's dad work? U.S air force
5%
What is Lewbert's last name? Sline
4%
How many guys showed up at the Groovy Smoothie hoping to go to the dance with Carly on 'iSpeed Date'? 752
2%
Which school is Carly wanting to switch to in season 1? Briarwood Acamedy
0%
What are 2 of Sam's most used nickname for Freddie? Fredweird, Fredifer
0%
No matching quizzes found
Score Distribution
Percent of People with Each Score
Percentile by Number Answered
Your Score History
You have not taken this quiz